000 00429cam a22001217a 4500
008 180718b1988 xxu||||| |||| 00| 0 eng d
082 _aA81x54 In2/81/2/PT9/2
100 _aCensus of India 1981
245 _aAndhra Pradesh: special tables for scheduled castes and scheduled tribes
260 _aDelhi
_bController of Publications
_c1988
300 _a1589p.
440 _aCensus of India 1981. Series-2, Andhra Pradesh, Part-IX (ii)
999 _c481919
_d481919